The education of modern man /

Gorde:
Xehetasun bibliografikoak
Egile nagusia: Starkey, Margaret M.
Formatua: Liburua
Hizkuntza:English
Argitaratua: N.Y. : Pitman, 1966.
Gaiak:
LEADER 00735nam a22001931 4500
001 c000208088
003 CARM
005 20021125002100.0
008 851211s1966 nyu 0 eng d
019 1 |a 4178705  |5 LACONCORD2021 
035 |a (OCoLC)219890368  |5 LACONCORD2021 
100 1 |a Starkey, Margaret M. 
245 1 4 |a The education of modern man /  |c some differences of opinion. Ed. by M.M.Starkey. 
260 |a N.Y. :  |b Pitman,  |c 1966. 
650 0 |a Education  |x Aims and objectives. 
852 8 |b CARM  |h A2:AN03A0  |i A03381  |p 0302378  |f BK 
082 0 4 |a 370.11 
999 f f |i 613b874e-822a-553c-9d95-3d662f346842  |s df59aeb2-fcd0-5030-b5e2-eedf8a4d47da 
952 f f |p Can circulate  |a CAVAL  |b CAVAL  |c CAVAL  |d CARM 1 Store  |e A03381  |f A2:AN03A0  |h Other scheme  |i book  |m 0302378